Fakten zuordnen - Länder mit A - Statistiken

Allgemein
  • Dieses Quiz wurde 108 mal gespielt
  • Das Durchschnittsergebnis liegt bei 7 aus 13
Antwortstatistiken
Hint Antwort % Korrekt
Ich bin das einzige südamerikanische Land Argentinien🇦🇷
93%
Ich verbinde Afrika mit einem weiteren Kontinent Ägypten🇪🇬
81%
Ich bin das einzige Land, in dessen Hauptstadt der vollständige Name des Landes steckt Andorra🇦🇩
80%
Ich bin das größte Land Afrikas Algerien🇩🇿
78%
Ich bin das einzige außerhalb Europas gelegene Land, das am ESC teilnimmt Australien🇦🇺
69%
Ich war die zweitgrößte portugiesische Kolonie Angola🇦🇴
62%
Ich bin das Land mit dem niedrigsten Human Development Index Afghanistan🇦🇫
53%
Ich bin das kleinste Land Antigua🇦🇬
51%
Ich bin der einzige ESC-Sieger Aserbaidschan🇦🇿
42%
Ich bin das Land, das das Christentum zuerst als offizielle Staatsreligion annahm Armenien🇦🇲
40%
Ich bin der größte Binnenstaat Äthiopien🇪🇹
38%
Ich bin das Land, das beim Happy Planet Index am besten abschneidet Albanien🇦🇱
17%
Ich bin das einzige Land, in dem 3 europäische Sprachen gesprochen werden Äquatorialguinea🇬🇶
14%
Keine übereinstimmenden Quizze gefunden
Verteilung der Resultate
Anzahl Personen mit jedem Resultat
Perzentil nach korrekt beantworteten Fragen
Ihre Resultats-Entwicklung
Sie haben dieses Quiz noch nicht gespielt